00483nam a2200193 a 4500001001300000003000900013005001700022008004100039020000800080082001700088100001700105245003000122260004900152300000900201500003500210505001000245650001700255700001700272nice12345678IN_TiNIC20260116011522.0050524s1928 boma grp 000 0 eng  ac000a954.025bHOY aHoyland, J S aEmpire of the Great Mogol aBombaybD. B. Taralporevala Sons & Co.c1928 a252p aincludes index and biblioraphy2 aIndex aMughal India1 aHoyland, J S